Indian economy. (Record no. 1183)

MARC details
000 -LEADER
fixed length control field 00490cam a2200205ua 4500
008 - FIXED-LENGTH DATA ELEMENTS--GENERAL INFORMATION
fixed length control field 110629n ii |||gr||||Z||||||eng
020 ## - INTERNATIONAL STANDARD BOOK NUMBER
International Standard Book Number 81-219-0298-3
040 ## - CATALOGING SOURCE
Transcribing agency MAIN
082 ## - DEWEY DECIMAL CLASSIFICATION NUMBER
Classification number 330.954
100 ## - MAIN ENTRY--PERSONAL NAME
Personal name Datt, Ruddar.,
245 1# - TITLE STATEMENT
Title Indian economy.
Statement of responsibility, etc. By Ruddar Datt.
250 ## - EDITION STATEMENT
Edition statement 32th.
260 ## - PUBLICATION, DISTRIBUTION, ETC.
Place of publication, distribution, etc. New Delhi.:
Name of publisher, distributor, etc. S chand.,995.
300 ## - PHYSICAL DESCRIPTION
Extent xvi, 844 p.:
Dimensions 26 cm.
700 ## - ADDED ENTRY--PERSONAL NAME
Personal name Sudharam, K P M.,
942 ## - ADDED ENTRY ELEMENTS (KOHA)
Koha item type Books
653 ## - INDEX TERM--UNCONTROLLED
Uncontrolled term Economics.
653 ## - INDEX TERM--UNCONTROLLED
Uncontrolled term Indian economy.
Holdings
Withdrawn status Lost status Damaged status Not for loan Home library Current library Shelving location Date acquired Total Checkouts Full call number Barcode Date last seen Copy number Price effective from Koha item type Source of classification or shelving scheme Collection code Cost, normal purchase price Date last checked out
        Central Library, Naharkatiya College Central Library, Naharkatiya College General Stacks 19/09/2020   330.954 | DAT 2460 19/09/2020 1 19/09/2020 Books        
        Central Library, Naharkatiya College Central Library, Naharkatiya College General Stacks 11/02/2022 2 330.954 15759 07/07/2023 2 11/02/2022 Books Dewey Decimal Classification Economics 325.00 30/06/2023

Naharkatiya College © 2020. All rights reserved.

Powered By